000 00533nam a2200181Ia 4500
005 20250508154742.0
008 008 250505s9999 xx 000 0 eng d
037 _aTextual
040 _aFEDL
_beng
_cFEDL
041 _aeng
_2eng
084 _a378, HAN
_qFEDL
100 _aHannah H W
_9766003
245 0 _aResource book for ruarla universities in the developing countries
260 _aUrbana
_bUniversity of Illinois Press
_c1966
300 _axxi,375p.
942 _cTEXL
_h378, HAN
999 _c1351960
_d1351960